000
00313nam a22001337a 4500
008
181005b xxu||||| |||| 00| 0 eng d
020
_a
639785304470
041
_a
eng
080
_a
311
100
_a
55
101
_a
STA
245
_a
Introduction to Probability and Statistics
_c
Lipschutz, S
942
_2
udc
_c
BK
999
_c
48908
_d
48908